Langues les plus parlées dans l'Union Européenne - Statistiques

Statistiques générales
  • Ce quiz a été pris 313 fois
  • Le résultat moyen est 8 sur 10
Statistiques - réponses
% Langue % Correct
33 Anglais
100%
22,4 Allemand
99%
12,7 Espagnol
99%
19,7 Français
99%
14,3 Italien
95%
3,8 Russe
86%
8,5 Polonais
78%
4,9 Néerlandais
73%
4,8 Roumain
64%
2,7 Tchèque
41%
Aucun quiz correspondant
Distribution des résultats
% des personnes avec chaque résultat
Percentile par nombre de réponses
Votre historique - résultats
Vous n’avez pas pris ce quiz